Tilastot visalle Afrikan pääkaupungit kartalla

Klikkaa tästä pelataksesi tätä visaa!

Yleistilastot

  • Tätä visaa on pelattu 162 kertaa
  • Keskiarvotulos 35 / 56

Vastaukset kartalla

Vastauksille on annettu kartalla punavihreä väri sen mukaan, kuinka moni on saanut sen oikein.
Ladataan ...
 

Vastaustilastot

Vastaus% Oikein
Kairo
96%
Tunis
89%
Alger
89%
Nairobi
88%
Mogadishu
86%
Addis Abeba
86%
Tripoli
86%
Kapkaupunki
85%
Djibouti
84%
Antananarivo
78%
Rabat
78%
São Tomé
76%
Kinshasa
74%
Khartum
70%
Luanda
69%
Windhoek
68%
Pretoria
66%
Abuja
65%
Dakar
64%
Asmara
61%
Brazzaville
61%
Juba
61%
Ouagadougou
61%
Kampala
59%
N'Djamena
59%
Lilongwe
58%
Maputo
58%
Bissau
57%
Mbabane
57%
Harare
57%
Lusaka
55%
Bloemfontein
55%
Praia
54%
Dodoma
54%
Accra
54%
Lomé
54%
Yamoussoukro
54%
Yaoundé
54%
Gitega
53%
Freetown
53%
Nouakchott
53%
Gaborone
53%
Kigali
51%
Niamey
51%
Monrovia
50%
Porto-Novo / Cotonou
50%
Victoria
50%
Bamako
49%
Bangui
49%
Libreville
47%
Port Louis
47%
Conakry
43%
Banjul
43%
Maseru
43%
Moroni
43%
Malabo
42%

Tulosjakauma

Persentiili vastausten määrän mukaan

Jokaisen tuloksen saaneiden osuus

Tuloshistoriasi

Et ole pelannut tätä visaa